KOHA-Header-6

Problem Management (Record no. 12276)

000 -LEADER
fixed length control field 00295nam a22001217a 4500
020 ## - INTERNATIONAL STANDARD BOOK NUMBER
ISBN 9781780172415
082 ## - DEWEY DECIMAL CLASSIFICATION NUMBER
Classification number 658.403
100 ## - MAIN ENTRY--AUTHOR NAME
Personal name Michael G. Hall
245 ## - TITLE STATEMENT
Title Problem Management
260 ## - PUBLICATION, DISTRIBUTION, ETC. (IMPRINT)
Place of publication india
Name of publisher VIVA Books
Year of publication 2016
300 ## - PHYSICAL DESCRIPTION
Number of Pages 175 pages.
Other physical details 6.7 x 0.4 x 9.6 inches
942 ## - ADDED ENTRY ELEMENTS (KOHA)
Koha item type Management
Holdings
Withdrawn status Lost status Collection code Permanent Location Current Location Shelving location Date acquired Cost, normal purchase price Full call number Accession Number Koha item type
    Management MAJU MAJU   2020-02-25 2233.00 658.403 9545 Management

Powered by Koha